000 00384nam a2200133Ia 4500
008 210210b1978 xxu||||| |||| 00| 0 eng d
082 _a320.954 GANM
100 _aGANI (H A).
245 _aMuslim political issues and national integration.
260 _aND
_bSterling Publishers Private Limited.
_c1978
300 _a230
690 _aPolitical Situation & Condition
906 _a035579
999 _c85972
_d85972